000
00344 a2200157 4500
001
61431
020
_a
8508101651
040
_c
Anchieta - Pituba
100
_a
Aratangy, Lídia Rosenberg
240
1
0
_a
Corpo
_l
por
245
1
0
_a
Corpo
300
_a
64
362
0
_a
2006
650
4
_a
Fisiologia humana (função), Corpo Humano
942
_c
BK
999
_c
61431
_d
61431